Statistics for Countries with Gorillas

Click here to take the quiz!

General Stats

  • This quiz has been taken 133 times
  • The average score is 9 of 10

Answer Stats

Country with wild gorillas % Correct
Democratic Republic of the Congo
98%
Republic of the Congo
97%
Rwanda
90%
Uganda
90%
Central African Republic
88%
Cameroon
86%
Gabon
84%
Angola (Cabinda)
82%
Nigeria
80%
Equatorial Guinea
66%

Score Distribution

Percentile by Number Answered

Percent of People with Each Score

Your Score History

You have not taken this quiz